=LDR 00000nam 2200000 4500 =001 INLIS000000000007202 =005 20180305020035 =035 ##$$a 0010-061300000007202 =008 180305###########################0###### =041 ##$$a Ind =082 ##$$a 2x0.32 =090 ##$$a 2x0.32, Shi k =100 ##$$a Shimogaki, Kazuo =245 1#$$a Kiri Islam , antara modernism dan pstmadernsme, Karno, Shimogaki /$c kazuo shimogaki =260 ##$$a Yogyakarta :$b lkis,$c 1993 =300 ##$$a xviii, 143 hlm., ; $c , 21 cm =650 ##$$a Islam-Politik =850 ##$$a NBPNMAT =084 ##$$a 2x0.32 SHI k =990 ##$$a 62.509/Pro-93 =990 ##$$a 00052418 =990 ##$$a 62.510 pro. 93